Les vieilles séries d'animation françaises - Statistiques

Statistiques générales
  • Ce quiz a été pris 33 fois
  • Le résultat moyen est 12 sur 75
Statistiques - réponses
SERIE Réponse % Correct
Quel est le prénom du garçon de la 2e série ? Nicolas
83%
Quel est le prénom de la fille de la 2e série ? Pimprenelle
83%
Comment s'appelle l'ours ? Nounours
67%
Quel animal est Sidonie oie
60%
CHAPI CHAPO La fille s'appelle Chapi
57%
Le garçon s'appelle Chapo
57%
Le chapeau de Chapi est rouge
53%
Le personnage monté sur ressort est Zébulon
53%
Le chapeau de Chapo est bleu
50%
Le chien se nomme Pollux
50%
LES AVENTURES DE COLARGOL Quel animal est Colargol ? Ours
43%
La petite fille se nomme Margote
40%
Quel prénom débutant par O porte un neveu de Nounours ? Oscar
40%
Un Shadok dit : "Je pompe donc je..." suis
33%
Quelle formule prononce Zébulon Tournicoti tournicoton
33%
Le comédien qui prête sa voix au narrateur est Claude Piéplu
27%
Les Shadoks habitent-ils à droite ou à gauche du ciel ? Gauche
27%
Un Shadok dit : "S'il n'y a pas de solution, c'est qu'il n'y a pas de ..." problème
23%
AGLAE ET SIDONIE Quel animal est Aglaë truie
23%
Quel animal est Dada ? Cheval
20%
LES SHADOKS Les ennemis des Shadoks sont les Gibis
20%
La vache a pour prénom Azalée
17%
Quel animal est Agénor ? coq
13%
Il transporte les habitants de Bois-Joli, c'est le train
13%
Le prénom de l'escargot est Ambroise
10%
LE MANEGE ENCHANTE Le propriétaire du manège est le Père Pivoine
10%
Quel est le prénom du marchand de sable Ulysse
10%
L'ami de Margote qui est en culotte courte est Basile
7%
Pio, un ami de Margote porte une combinaison bleue
7%
Margote a une amie appelée Coralie
7%
Comment de nomme le renard ? Croquetou
7%
Le lapin est nommé Flappy
7%
Quels sont les quatre sons de la langue shadok GA BU ZO MEU
7%
Le jardinier est le Bonhomme Jouvence
7%
Le pélican qui fait sortir de son bec ce qu'il veut porte un nom de roi mage. Lequel ? Melchior
7%
Un Shadok dit : "Pour qu'il y ait le moins de mécontents possible, il faut toujours taper sur les..." mêmes
7%
La planète des Gibis penche parce qu'elle est plate
7%
Le professeur des Shadok s'appelle Shadoko
7%
Entre les planètes des Shadok et des Gibis se trouve la Terre
7%
Que signifie Buga ? Terre
7%
La petite souris porte le nom d'une princesse de Judée, en lien avec Titus, lequel ? Bérénice
3%
Que veut faire comme métier le héros chanteur
3%
Quel animal est Ratibus ? chat
3%
Pour être autorisé à pondre, un Shadok doit savoir... compter jusqu'à quatre
3%
Quel prénom débutant par F porte un neveu de Nounours ? Fanfan
3%
Quel est le nom du seul habitant de la Terre Gégène
3%
Quel est le nom d'Arlequin dans la série ? Jumpy
3%
BONNE NUIT LES PETITS Quel est le prénom du garçon de la 1ère série ? Louis
3%
Quel est le nom de Colombine dans la série ? Lunarella
3%
Elle porte un noeud papillon, elle jongle, elle se nomme Miss Rossignol et c'est une otarie
3%
Le devin des shadoks est le devin... plombier
3%
Que signifie Zoga ? pomper
3%
AU CLAIR DE LA LUNE Quel est le nom de Pierrot dans la série ? Pypo
3%
Quel prénom débutant par R porte un neveu de Nounours ? Rémi
3%
Quel prénom débutant par T porte un neveu de Nounours ? Toto
3%
Dans quoi voyagent-ils? Vaisseau spatial
3%
Par quelle phrase se termine chaque épisode ? Après ? c'est une autre histoire
0%
Un singe habillé de rouge se nomme Ceci
0%
Un singe habillé de vert se nomme Cela
0%
Quel animal est Julietta ? Chouette
0%
Quelle profession prétend exercer Nérond le chien ? détective
0%
La soeur de Nounours se nomme Emilia
0%
Le majordome du souverain est un manchot... empereur
0%
La musique du générique vient du folklore... Gallois
0%
La meilleure amie de Kiri est une écuyère appelée Laura
0%
Quel est le prénom de la fille de la 1ère série ? Mirabelle
0%
Quel animal est Pip'lett ? perruche
0%
KIRI LE CLOWN Kiri le clown est aussi jongleur et prestidigitateur
0%
L'éléphante du cirque est appelée Barbara puis Puce
0%
Comment de nom Polichelle dans la série ? Punch
0%
TITUS LE PETIT LION Par quelle phrase commence chaque épisode ? Raconte-moi quand tu étais au pays de Jaimadire
0%
Que tire Bianca ? roulotte
0%
De quel instrument joue Ratibus ? saxophone
0%
Pip'lett joue d'un instrument. Lequel ? tambourin
0%
Le souverain du pays de Jaimadire est le grand Yaka
0%
Aucun quiz correspondant
Distribution des résultats
% des personnes avec chaque résultat
Percentile par nombre de réponses
Votre historique - résultats
Vous n’avez pas pris ce quiz